000 006230000a22002170004500
001 52445
010 _a84-294-4845-4
100 _a20170316d2017 k y0pory5003 ba
101 0 _aeng
102 _aGB
200 1 _aJason causes chaos
_fJeremy Taylor
210 _aLondon
_cRichmond
_d1997
215 _a48 p.
_cil.
606 _92117
_aLiteratura inglesa
_xConto
675 _a821.111-93
_vBN
_zpor
675 _a821.111-34
_vBN
_zpor
700 1 _944933
_aTaylor
_bJeremy
801 _aPT
_c20170316
090 _a52445
942 _cMON
_n0
999 _a52445